| 000 | 00397pab a2200145 454500 | ||
|---|---|---|---|
| 008 | 180718b xxu||||| |||| 00| 0 eng d | ||
| 100 | _aO'Brien J. | ||
| 245 | _aThe individual, socialisation and police corruption | ||
| 362 | _aQuarter I, Jan-Mar 93, p.49-54 | ||
| 650 | _a Public Safety | ||
| 650 | _a Corruption | ||
| 650 | _aPolice | ||
| 773 | _aPolice Research and Development | ||
| 909 | _a25083 | ||
| 999 |
_c25083 _d25083 |
||